Meche se baña

Na minha lista:
Detalhes bibliográficos
Principais autores: Fauerby, Lene (Autor), Bak, Mette-Kirstine (Autor)
Formato: Livro
Idioma:espanhol
Publicado em: Santiago LOM 2009
Edição:1a. ed
Assuntos:
Tags: Adicionar Tag
Sem tags, seja o primeiro a adicionar uma tag!

MARC

LEADER 00000nam a2200000 a 4500
001 UCH8974
003 CL-VaPUC
008 091217e20090000CL |||||||||||||||||spa|d
020 |a 9789560001016 
082 0 4 |a 9  |b FAU  |2 21 
100 0 |a Fauerby, Lene  |e author  |9 545765 
700 0 |a Bak, Mette-Kirstine  |e author  |9 545766 
245 1 0 |a Meche se baña 
250 |a 1a. ed 
300 |a pág. irreg 
942 |c BK 
945 |d 20091217 00:00:00  |a cmena 
260 |a Santiago  |b LOM  |c 2009 
650 0 |a Cuentos infantiles  |9 308044 
650 0 |a Literatura infantil   |9 307465 
650 7 |a CUENTOS DANESES  |2 CL-VaPUC  |9 308912 
583 |a last modification  |c 20091217 00:00:00  |k Rodrigo Vera 
999 |c 339053  |d 339051 
952 |0 0  |1 0  |4 0  |6 9_000000000000000_FAU_2009  |7 0  |8 C  |9 432433  |a BIBCUR  |b BIBCUR  |d 2019-11-22  |i 4624084  |l 2  |o 9 FAU 2009  |p 4624084  |r 2025-04-22  |s 2024-12-11  |w 2019-11-22  |y BK  |k INF